| 000 | 00958nam a22002417a 4500 | ||
|---|---|---|---|
| 005 | 20150617105934.0 | ||
| 008 | 150304b mx ||||| |||| 00| 0 spa d | ||
| 020 | _a9681637550 | ||
| 050 | 0 | 4 |
_aF2546 _bN86 1993 |
| 100 | 1 | _aNúñez Jiménez, Antonio. | |
| 245 | 1 | 0 |
_aEn Canoa del Amazonas al Caribe / _cAntonio Núñez Jiménez ; prólogo de Gabriel García Márquez. |
| 250 | _a1a. ed. | ||
| 260 |
_aMéxico : _bFondo de Cultura Económica, _c1993. |
||
| 300 |
_a312 p. : _bil. ; _c22 cm. |
||
| 490 | _aTierra Firme | ||
| 504 | _aIncluye bibliografía e índice | ||
| 650 | 7 |
_2LEMB _aIndígenas de América del Sur _xCondiciones sociales _ySiglo XX |
|
| 650 | 7 |
_2LEMB _aIndígenas de América del Sur _xVida social y costumbres _ySiglo XX |
|
| 651 | 7 |
_2ESCAMILLA _aRío Amazonas _xDescripción y viajes _ySiglo XX |
|
| 651 | 7 |
_2LEMB _aCaribe (Región) _xDescripción y viajes _ySiglo XX |
|
| 700 | 1 |
_aGarcía Márquez, Gabriel, _epról. |
|
| 942 |
_2lcc _cLIB |
||
| 999 |
_c89470 _d89470 |
||